Winning strategies for business. (Record no. 1227)

MARC details
000 -LEADER
Fixed length control field 00451nam a2200181 4500
003 - CONTROL NUMBER IDENTIFIER
Control field SEACOMMC
005 - DATE AND TIME OF LATEST TRANSACTION
Control field 20250804114552.0
008 - FIXED-LENGTH DATA ELEMENTS--GENERAL INFORMATION
Fixed length control field 250804b |||||||| |||| 00| 0 eng d
020 ## - INTERNATIONAL STANDARD BOOK NUMBER / ISBN
International Standard Book Number 9788132104421
040 ## - CATALOGING SOURCE
Original cataloging agency SEACOMMC
082 ## - DEWEY DECIMAL CLASSIFICATION NUMBER
Classification number 658.4012
Book Number B163
100 ## - MAIN ENTRY--PERSONAL NAME
Personal name Baisya, Rajat Kanti.
245 ## - TITLE STATEMENT
Title Winning strategies for business.
260 ## - IMPRINT
Place of publication New Delhi
Name of publisher Sage Publications
Date of publication 2010
300 ## - PHYSICAL DESCRIPTION
Page / Vol. No xxvii
650 ## - SUBJECT ADDED ENTRY--TOPICAL TERM
Topical term Management
942 ## - ADDED ENTRY ELEMENTS (KOHA)
Koha item type Books
Holdings
Withdrawn status Lost status Source of classification Damaged status Not for loan Home library Current library Date acquired Total Checkouts Call number Accession number Date last seen Price effective from Koha item type
    Dewey Decimal Classification     SEACOM MANAGEMENT COLLEGE SEACOM MANAGEMENT COLLEGE 23/02/2011   658.4012 B163 M-3067 04/08/2025 04/08/2025 Books
    Dewey Decimal Classification     SEACOM MANAGEMENT COLLEGE SEACOM MANAGEMENT COLLEGE 23/02/2011   658.4012 B163 M-3068 04/08/2025 04/08/2025 Books
    Dewey Decimal Classification     SEACOM MANAGEMENT COLLEGE SEACOM MANAGEMENT COLLEGE 23/02/2011   658.4012 B163 M-3069 04/08/2025 04/08/2025 Books
    Dewey Decimal Classification     SEACOM MANAGEMENT COLLEGE SEACOM MANAGEMENT COLLEGE 23/02/2011   658.4012 B163 M-3070 04/08/2025 04/08/2025 Books
    Dewey Decimal Classification     SEACOM MANAGEMENT COLLEGE SEACOM MANAGEMENT COLLEGE 23/02/2011   658.4012 B163 M-3071 04/08/2025 04/08/2025 Books
© Seacom Engineering College, All rights reserved.    Powered by Koha